[Event "Bogota district-chT"]
[Site "Bogota"]
[Date "2012.11.11"]
[Round "5"]
[White "Guzman Campo, Elias"]
[Black "Gomez, Jorge Leonardo"]
[Result "1-0"]
[WhiteElo "2043"]
[BlackElo "1864"]
[PlyCount "117"]
[EventDate "2012.11.09"]
[EventType "team-swiss"]
[EventRounds "5"]
[EventCountry "COL"]
[SourceTitle "EXT 2014"]
[Source "ChessBase"]
[SourceDate "2013.11.20"]
[SourceVersion "1"]
[SourceVersionDate "2013.11.20"]
[SourceQuality "1"]

1. d4 d5 2. Bg5 c6 3. c3 f5 4. e3 Nf6 5. Nd2 Nbd7 6. Bd3 e6 7. Nh3 Bd6 8. Nf4 Qe7 9. Nf3 Qf7 10. Bxf6 Qxf6 11. Bc2 g5 12. Nd3 g4 13. Nd2 e5 14. g3 c5 15. dxe5 Nxe5 16. Nf4 Be6 17. Qe2 Bf7 18. Qb5+ Nd7 19. Ba4 0-0-0 20. Qa5 Kb8 21. Bxd7 Rxd7 22. 0-0-0 d4 23. Nb1 Rc8 24. Qa4 Rdc7 25. Rhe1 Rc6 26. a3 dxc3 27. Nxc3 Be5 28. Nfe2 Be6 29. Rd2 Qf7 30. Qc2 Bb3 31. Qb1 a6 32. e4 b5 33. Qd3 b4 34. Nb1 c4 35. Qd5 Qxd5 36. exd5 Rd6 37. axb4 Rcd8 38. Nec3 Bg7 39. Rde2 Bh6+ 40. Nd2 Bg7 41. Nxb3 Bxc3 42. bxc3 cxb3 43. Rd1 Rxd5 44. Rxd5 Rxd5 45. Kb2 Kc7 46. Kxb3 Kd6 47. Kc4 Rd1 48. Ra2 Rh1 49. Rxa6+ Ke5 50. Kd3 Rxh2 51. Ra5+ Kf6 52. Ke3 f4+ 53. Kxf4 Rxf2+ 54. Kxg4 Rc2 55. Rc5 Kg6 56. Rc6+ Kf7 57. b5 Ke7 58. c4 Kd7 59. Kg5 1-0

[Event "Bogota district-chT"]
[Site "Bogota"]
[Date "2012.11.09"]
[Round "1"]
[White "Zuluaga Torres, Juan Pablo"]
[Black "Guzman Campo, Elias"]
[Result "0-1"]
[WhiteElo "1940"]
[BlackElo "2043"]
[PlyCount "64"]
[EventDate "2012.11.09"]
[EventType "team-swiss"]
[EventRounds "5"]
[EventCountry "COL"]
[SourceTitle "EXT 2014"]
[Source "ChessBase"]
[SourceDate "2013.11.20"]
[SourceVersion "1"]
[SourceVersionDate "2013.11.20"]
[SourceQuality "1"]

1. e4 c5 2. c3 Nf6 3. e5 Nd5 4. Nf3 d6 5. Bc4 e6 6. d4 Nb6 7. Bb3 Nc6 8. exd6 cxd4 9. Nxd4 Bxd6 10. Nxc6 bxc6 11. 0-0 Qc7 12. h3 0-0 13. Qg4 Nd5 14. Nd2 e5 15. Qf3 Be6 16. Ne4 Be7 17. Bg5 f5 18. Bxe7 fxe4 19. Qxe4 Qxe7 20. Qxe5 Rf5 21. Qe4 Qf6 22. Bc2 Rh5 23. Rae1 Bf7 24. Bd1 Rh6 25. c4 Nf4 26. Re3 Qg5 27. Rg3 Qf6 28. Rf3 g5 29. Bb3 Re8 30. Qc2 g4 31. Re3 Rf8 32. Rg3 Be6 0-1

[Event "Bogota IRT op 08"]
[Site "Bogota"]
[Date "2012.08.20"]
[Round "6"]
[White "Melo Ramirez, Marlon Roman"]
[Black "Guzman Campo, Elias"]
[Result "0-1"]
[WhiteElo "1937"]
[BlackElo "2021"]
[PlyCount "69"]
[EventDate "2012.08.17"]
[EventType "swiss"]
[EventRounds "7"]
[EventCountry "COL"]
[SourceTitle "EXT 2013"]
[Source "ChessBase"]
[SourceDate "2012.11.22"]
[SourceVersion "1"]
[SourceVersionDate "2012.11.22"]
[SourceQuality "1"]

1. e4 c5 2. Nf3 Nc6 3. d4 cxd4 4. Nxd4 e5 5. Nb5 d6 6. N1c3 a6 7. Na3 b5 8. Nd5 Nce7 9. Bg5 f6 10. Be3 Rb8 11. Nb4 g6 12. c4 Be6 13. cxb5 axb5 14. Nxb5 Rxb5 15. Bxb5+ Kf7 16. Qd2 f5 17. f4 Nf6 18. exf5 gxf5 19. fxe5 Ne4 20. Qe2 dxe5 21. 0-0 Ng6 22. Nc6 Qh4 23. Rad1 Kg7 24. a4 Rg8 25. Qf3 Kh8 26. Nd8 Qe7 27. Nxe6 Nh4 28. Qh5 Nxg2 29. Kh1 Nxe3 30. Rd7 Nxf1 31. Qxf5 Nfg3+ 32. hxg3 Nxg3+ 33. Kh2 Qh4+ 34. Qh3 Qe4 35. Bc6 0-1

[Event "Bogota IRT op 06"]
[Site "Bogota"]
[Date "2012.06.10"]
[Round "5"]
[White "Ruiz, Alciguel"]
[Black "Guzman Campo, Elias"]
[Result "1-0"]
[WhiteElo "2197"]
[BlackElo "2036"]
[PlyCount "28"]
[EventDate "2012.06.08"]
[EventType "swiss"]
[EventRounds "7"]
[EventCountry "COL"]
[SourceTitle "CBM 148 Extra"]
[Source "ChessBase"]
[SourceDate "2012.06.22"]
[SourceVersion "1"]
[SourceVersionDate "2012.06.22"]
[SourceQuality "1"]

1. d4 c5 2. d5 e6 3. c4 exd5 4. cxd5 Nf6 5. Nc3 d6 6. e4 g6 7. f4 Bg7 8. Bb5+ Nfd7 9. a4 a6 10. Bd3 0-0 11. Nf3 Nf6 12. 0-0 Bg4 13. h3 Bxf3 14. Qxf3 Nbd7 1-0

[Event "Bogota Mayores Distrital op"]
[Site "Bogota"]
[Date "2011.08.15"]
[Round "9"]
[White "Garces Trujillo, Luis Javier"]
[Black "Guzman Campo, Elias"]
[Result "1-0"]
[WhiteElo "1992"]
[BlackElo "2052"]
[PlyCount "81"]
[EventDate "2011.08.11"]
[EventType "swiss"]
[EventRounds "9"]
[EventCountry "COL"]
[SourceTitle "CBM 143 Extra"]
[Source "ChessBase"]
[SourceDate "2011.08.29"]
[SourceVersion "1"]
[SourceVersionDate "2011.08.29"]
[SourceQuality "1"]

1. d4 Nf6 2. c4 e5 3. dxe5 Ne4 4. Qd5 Bb4+ 5. Bd2 Nxd2 6. Nxd2 Nc6 7. f4 Qe7 8. Ngf3 b6 9. a3 Bc5 10. Qd3 a5 11. e3 Bb7 12. Be2 0-0-0 13. Ne4 f6 14. exf6 gxf6 15. Nxc5 bxc5 16. Kf2 Rhe8 17. Rhe1 Qg7 18. Qf5 Qe7 19. Bd3 h6 20. Rad1 Kb8 21. Bf1 Qf8 22. Rxd7 Rxd7 23. Qxd7 Rd8 24. Qf5 Bc8 25. Qc2 Ka7 26. Qa4 Bb7 27. Rb1 Qe8 28. b4 Qe4 29. Re1 cxb4 30. axb4 Ra8 31. b5 Ne7 32. Qxa5+ Kb8 33. Qd2 Ra3 34. Qd8+ Bc8 35. Nd4 Kb7 36. c5 Ra2+ 37. Kg1 Nd5 38. b6 Bh3 39. c6+ Kxb6 40. Rb1+ Kc5 41. Rb5# 1-0

[Event "Bogota Mayores Distrital op"]
[Site "Bogota"]
[Date "2011.08.15"]
[Round "8"]
[White "Guzman Campo, Elias"]
[Black "Nieto, Manuel Valerio Wald"]
[Result "1-0"]
[WhiteElo "2052"]
[BlackElo "1847"]
[PlyCount "57"]
[EventDate "2011.08.11"]
[EventType "swiss"]
[EventRounds "9"]
[EventCountry "COL"]
[SourceTitle "CBM 143 Extra"]
[Source "ChessBase"]
[SourceDate "2011.08.29"]
[SourceVersion "1"]
[SourceVersionDate "2011.08.29"]
[SourceQuality "1"]

1. d4 Nf6 2. Bg5 c5 3. d5 Ne4 4. Bf4 Qb6 5. Qc1 c4 6. e3 Qa5+ 7. Nd2 Qxd5 8. Bxc4 Qxd2+ 9. Qxd2 Nxd2 10. Kxd2 Nc6 11. Nf3 e6 12. a3 d5 13. Ba2 Be7 14. Rhd1 0-0 15. Ke1 Bf6 16. Rab1 e5 17. Bg3 Bf5 18. Rbc1 e4 19. Nd4 Nxd4 20. exd4 Bg4 21. Rd2 Bg5 22. Bxd5 Bxd2+ 23. Kxd2 Rad8 24. c4 Rfe8 25. Ke3 Rd7 26. b4 Be6 27. Bxe6 Rxe6 28. d5 Ra6 29. Rc3 1-0

[Event "Bogota Mayores Distrital op"]
[Site "Bogota"]
[Date "2011.08.12"]
[Round "2"]
[White "Guzman Campo, Elias"]
[Black "Lozano Ramirez, Nestor Favian"]
[Result "0-1"]
[WhiteElo "2052"]
[BlackElo "1867"]
[PlyCount "122"]
[EventDate "2011.08.11"]
[EventType "swiss"]
[EventRounds "9"]
[EventCountry "COL"]
[SourceTitle "CBM 143 Extra"]
[Source "ChessBase"]
[SourceDate "2011.08.29"]
[SourceVersion "1"]
[SourceVersionDate "2011.08.29"]
[SourceQuality "1"]

1. d4 g6 2. Nf3 Bg7 3. c4 d6 4. g3 e5 5. dxe5 dxe5 6. Qxd8+ Kxd8 7. Nc3 c6 8. Bg2 Nd7 9. Be3 f6 10. 0-0 Nh6 11. Rad1 Nf5 12. Bc5 Kc7 13. Ba3 Bf8 14. Bxf8 Rxf8 15. e4 Nd6 16. b3 Nc5 17. Ne1 a5 18. Nd3 Nxd3 19. Rxd3 Be6 20. Rfd1 Nf7 21. f4 Rfd8 22. Kf2 Rxd3 23. Rxd3 a4 24. Nxa4 Bxc4 25. Rd2 Be6 26. Nc5 Bc8 27. Ke3 b6 28. Na4 Ra5 29. Bf3 exf4+ 30. gxf4 f5 31. Rc2 fxe4 32. Bxe4 Bd7 33. Rd2 Be8 34. Bc2 Rh5 35. Rf2 Nh6 36. Bd1 Rd5 37. Nc3 Rd6 38. Rc2 Nf5+ 39. Kf2 c5 40. Bg4 Nd4 41. Rd2 Bc6 42. Bd1 Rf6 43. Kg3 Nf5+ 44. Kf2 Ng7 45. Kg3 Ne6 46. Rf2 Nd4 47. Bg4 h5 48. Bh3 g5 49. f5 g4 50. Bxg4 hxg4 51. Kxg4 b5 52. Nd1 Bf3+ 53. Rxf3 Nxf3 54. Ne3 Ne5+ 55. Kg5 Ra6 56. f6 Rxa2 57. h4 Rb2 58. Kf5 Rxb3 59. Ke4 Rxe3+ 60. Kxe3 Ng4+ 61. Ke4 Nxf6+ 0-1